USA according to SonyVondern - Statistics

General Stats
  • This quiz has been taken 46 times
  • The average score is 17 of 50
Answers on the Map
Answers color-coded by a green-red scale on the quiz's map according to % correct below.
 
Answer Stats
Answer % Correct
CHEESE
67%
Bro I remember this state. It's like if New York and Pennsylvania had a child.
56%
Cold as ice
56%
Apples and JetPunk
50%
Gambling
50%
Hot as hell w/ oranges
50%
Potato
50%
Red sox
50%
Small as hell
50%
The one chicken establishment
50%
Uhhhhhhhhh... tah?
50%
Virginia... or is it?
50%
Crab things and moose things and other things and Kennebec things
44%
Hey my friend went here and... uh... wait what actually happens here excluding Fargo?
44%
Hey those four presidents lives here in Medusa form
44%
Hot as hell
44%
Hot as hell but hey, epic bomb project
44%
It's a rectangle but with Aspen
44%
Omaha or something
44%
Yee-haw? I guess.
44%
Hey your the only ten I see :)
39%
MLK Jr. was here or something
39%
MrBeast
39%
What actually happens here
39%
Expensive as hell
33%
Frankly, I cannot name a single thing about this state other than Gary
33%
French wannabes or something
33%
It's first
33%
I want to go here someday... it has Nashua and Lacomia
33%
Looks like you could kill someone with dis
33%
Mitten and fish
33%
Nothing here to say, no one here to hear
33%
Tbilisi???
33%
The city itself and nothing else. It is an aight traction site. Has a pizza that's low-key boring.
33%
The internet ruined the state? Why did they decide to crap on funnier Pennsylvania?
33%
Diamonds
28%
Hey that one fellow female blogger lives here
28%
Just bring them green boys back to Canada already.
28%
OBAMNA
28%
Wow! Funny rifle, crab fries, shape state!!!
28%
Funny name go brrr. Sugar-lock city here and so is 82 counties
17%
The pie pizza and ketchup popo
17%
Grapes
11%
Hey that one cat guy lives here
11%
I have had traumatic memories of this state
11%
Hey I live here
6%
Joe Biren joke??
6%
Shopping bag handle thing here
6%
What actually happens here but not Iowa
6%
Why couldn't they just name it Kanawha?
6%
No matching quizzes found
Score Distribution
Percent of People with Each Score
Percentile by Number Answered
Your Score History
You have not taken this quiz